01283nam a2200313Ia 4500001001200000003000800012006001900020007001500039008004100054010001700095020003900112020003700151040002100188035002100209050002500230100002100255245009300276260006300369300001400432490002200446504005100468533015200519650004200671651006100713655002900774710001700803830002300820856012600843ebr10350287CaPaEBRm u cr cn|||||||||090316s2009 ncu sb s001 0 eng d z 2009011469 z9780807833155 (cloth : alk. paper) z9780807866023 (large print pbk.) aCaPaEBRcCaPaEBR a(OCoLC)64687263714aE474.92b.S54 2009eb1 aShea, William L.10aFields of bloodh[electronic resource] :bthe Prairie Grove Campaign /cWilliam L. Shea. aChapel Hill :bUniversity of North Carolina Press,cc2009. ax, 358 p.1 aCivil War America aIncludes bibliographical references and index. aElectronic reproduction.bPalo Alto, Calif. :cebrary,d2011.nAvailable via World Wide Web.nAccess may be limited to ebrary affiliated libraries. 0aPrairie Grove, Battle of, Ark., 1862. 0aUnited StatesxHistoryyCivil War, 1861-1865xCampaigns. 7aElectronic books.2local2 aebrary, Inc. 0aCivil War America.40uhttp://site.ebrary.com/lib/rucke/Doc?id=10350287zAn electronic book accessible through the World Wide Web; click to view